| 000 | 00583nam a2200193Ia 4500 | ||
|---|---|---|---|
| 999 |
_c14780 _d14780 |
||
| 003 | OSt | ||
| 005 | 20201102100755.0 | ||
| 008 | 190216s9999||||xx |||||||||||||| ||und|| | ||
| 020 | _a9780199755028 | ||
| 040 | _coclc | ||
| 082 |
_a860.998 _bADO/C |
||
| 100 |
_a Adorno, Rolena _96163 |
||
| 245 | 0 |
_aColonial Latin American Literature : _bA Very Short Introduction / _cRolena Adorno |
|
| 250 | _a1st Ed: | ||
| 260 |
_bOxford University Press, _c2011. _anew york: |
||
| 300 | _a148p | ||
| 650 | _aEnglish | ||
| 942 |
_cBK _2ddc _h860.998 _iADO/C _k860.998 _mADO/C |
||